Central Library OPAC University of Rajshahi

The discovery of India / (Record no. 54657)

MARC details
000 -LEADER
fixed length control field 00611nam a2200217 a 4500
001 - CONTROL NUMBER
control field 54657
003 - CONTROL NUMBER IDENTIFIER
rucl marc code BD-RJUL
005 - DATE AND TIME OF LATEST TRANSACTION
control field 20211209080142.0
008 - FIXED-LENGTH DATA ELEMENTS--GENERAL INFORMATION
fixed length control field 500101s20021946xx 000 0 eng d
035 ## - SYSTEM CONTROL NUMBER
System control number BD-RJUL 54779
040 ## - CATALOGING SOURCE
Original cataloging agency VTU
Transcribing agency VTU
Modifying agency EQO
Language of cataloging eng
041 ## - LANGUAGE CODE
Language code of text/sound track or separate title eng
082 ## - DEWEY DECIMAL CLASSIFICATION NUMBER
Edition number 23
Classification number 954
Author mark and year NED 2002
090 ## - LOCALLY ASSIGNED LC-TYPE CALL NUMBER (OCLC); LOCAL CALL NUMBER (OCLC)
Classification number (OCLC) (R) ; Classification number, CALL (RLIN) (NR) DS436
Local cutter number (OCLC) ; Book number/undivided call number, CALL (RLIN) .A1N4 1960
100 1# - MAIN ENTRY--PERSONAL NAME
Personal name Nehru, Jawaharlal,
Dates associated with a name 1889-1964.
9 (RLIN) 163003
245 14 - TITLE STATEMENT
Title The discovery of India /
Statement of responsibility, etc. Jawaharlal Nehru
260 ## - PUBLICATION, DISTRIBUTION, ETC. (IMPRINT)
Place of publication, distribution, etc. London :
Name of publisher, distributor, etc. Meridian Books,
Date of publication, distribution, etc. 1999 [impression 2002]
300 ## - PHYSICAL DESCRIPTION
Pagination 592 p. ;
Size 19 cm
651 #0 - SUBJECT ADDED ENTRY--GEOGRAPHIC NAME
Geographic name India
General subdivision History
9 (RLIN) 163004
942 ## - ADDED ENTRY ELEMENTS (KOHA)
Source of classification or shelving scheme Dewey Decimal Classification
Koha item type Books
Holdings
Lost status Source of classification or shelving scheme Damaged status Not for loan Collection code Permanent Location Current Location Shelving location Date acquired Source of acquisition Cost, normal purchase price Total Checkouts Full call number Date last seen Date checked out Copy number Koha item type
  Dewey Decimal Classification     Non-fiction Central Library, University of Rajshahi Central Library, University of Rajshahi   07/02/2008 Paragon Enterprises Dhaka 100.00 3 954 NED 2002 21/09/2023 10/09/2023 C-2 Books